000
00306nam a2200133Ia 4500
008
220216s9999 xx 000 0 und d
100
_a
Kanwar Onkar S
245
0
_a
Indian tyre exports
260
_b
Wheels of India
_c
1999
300
_a
10-Jul
650
_a
India
650
_a
Tyre exports
942
_c
JS
999
_c
61107
_d
61107